000 00426nam a2200169Ia 4500
008 230524s9999 xx 000 0 und d
020 _a9789384559144
082 _a624.18341
_bRAM
100 _aS.Ramamrutham
245 0 _aDesign of Reinforced Concrete Structures
250 _a17
260 _aNew Delhi
_bDhanpat Rai Pub.
_c2014
300 _a1584p;
500 _aQuantity Number: 30
650 _aCivil
942 _cBK
999 _c55265
_d55265